000 00234nam a2200097Ia 4500
008 210430s9999 xx 000 0 und d
020 _a3119-3119-3119
082 _a891.439 B9328 P
245 _aPitras Kay Mazameen
942 _cBK
_2ddc
999 _c563940
_d563940